Normal view
MARC view
- GOGH, VINCENT VAN,
Entry Nombre Personal
001 - NUMERO DE CONTROL
- campo de control: 206
003 - IDENTIFICADOR DE NUMERO DE CONTROL
- campo de control: UPN
005 - FECHA Y HORA DE LA ÜLTIMA TRANSACCIÓN
- campo de control: 20210219193601.0
008 - DATOS DE LONGITUD FIJA
- campo de control de longitud fija: nabaccnnaabn|||||||||| b |nc|||||d
035 ## - NUMERO DE CONTROL
- Número de control: UPN10000000206
040 ## - FUENTE DE CATALOGACIÓN
- Lenguaje de catalogación: SPA
- Agencia de transcripción: UPN
100 1# - ENCABEZAMIENTO - NOMBRE PERSONAL
- Nombre personal: GOGH, VINCENT VAN,
- Fechas asociadas con el nombre: 1853-1890
400 1# - VEÁSE - NOMBRE DE PERSONA
- Personal name: Van Gogh, Vincent,
- Dates associated with a name: 1853-1890
670 ## - FUENTE EN LA QUE SE LOCALIZARON DATOS
- Cita de la fuente: LC
- Información localizada: Gogh, Vincent van, 1853-1890
680 ## - NOTA PUBLICA DE ACCESO PÚBLICO
- Frase explicativa de la referencia: Pintor neerlandés
902 ## - CATALOGADOR
- Catalogador: BDV/190603
